Responses for Show #5173 - Wednesday, February 21, 2007

Contestants

[<< previous game]

Ted Dudley, an airline pilot from Colchester, Vermont

Sue Saunders, an oncology dietician from Arlington, Virginia

Brad Haag, an MBA student from Santa Monica, California (whose 1-day cash winnings total $16,199)

[next game >>]

Jeopardy! Round responses

SOUND LIKE A LOCAL
BROADWAY LYRICS
(Alex: We'll give you the lyrics. You have to identify the musical.)
WHAM-O
LITERARY BADDIES
STATE BIRDS
BEFORE & AFTER
    $200 13
burgh (or "borough")

Ted
    $200 18
West Side Story

Brad
    $200 1
the Frisbee

Brad
    $200 23
the Grinch

Ted
    $200 6
a cardinal

Brad
    $200 8
Gaza Strip Poker

Brad
    $400 14
the R (the "Ah")

Brad
    $400 19
Chicago

Triple Stumper
    $400 2
a Hula Hoop

Ted
    $400 26
(Brad: What is Volde... mar?)
[A female judge calls "No."]
...
(Alex: [French accent] [*].)

Voldemort

BradTed
    $400 7
the cardinal

Sue
    $400 9
the Marilyn Monroe Doctrine

Brad
    $600 15
Texas

Triple Stumper
    $600 20
(Alex: Yes, "Memory".)

Cats

Brad
    $600 3
(Brad: What's a bow and arrow set?)

a slingshot

Brad
Triple Stumper
    $600 28
(Sue: Who is the Wicked Witch...?)
(Alex: Of...?)

the Wicked Witch of the West

Sue
    $600 24
(Sue: What's the finch?)
...
(Ted: Sensing a pattern here...)

the cardinal

Sue
Triple Stumper
    $600 10
Rubber Soul Train

Brad
    $800 16
Houston Street

Sue
    $800 21
Damn Yankees

Brad
    $800 4
Limbo

Brad
    $800 29
(Alex: And that evil man was the evil [*]. [*].)

Simon Legree

Triple Stumper
    $800 25
(Brad: Nice, figured so.)
(Alex: Ted sensed the pattern, and you picked up on it.)
(Brad: Yeah...)

a cardinal

Brad
    $1,000 11
Stonewall Jackson 5

Brad
    $1000 17
(Alex: [*]. Mill-lan. Yes.)

Milan

Brad
    $1000 22
(Sue: What is 1776?)

You're a Good Man, Charlie Brown

Sue
Triple Stumper
    $1000 5
a Slip 'N Slide

Ted
    $1000 30
(Alex: Yes, and he didn't say it that way, by the way. [High-pitched voice] "I hate the Moor".)

Iago

Ted
    $1000 27
(Sue: What is a cardinal?)
...
(Alex: There was a pattern, and then we broke the pattern.)
(Ted: At the right time.)

a bluebird

SueTed
    $1000 12
[Applause for Brad's run of the category]
(Alex: Well done in the category.)
(Brad: Thank you.)

"Moon Over Miami Vice"

Brad

Scores at the first commercial break (after clue 15):

Brad Sue Ted
$4,200 $400 $1,600

Scores at the end of the Jeopardy! Round:

Brad Sue Ted
$7,200 -$800 $4,200

Double Jeopardy! Round responses

WOLVERINE
STORM
MAGNETO
ROGUE
COLOSSUS
"X"-MEN
    $400 4
(Ted: What is a wolf?)
(Brad: What's a bear?)

man

BradTed
Triple Stumper
    $400 18
The Perfect Storm

Ted
    $400 2
Jupiter

Ted
    $400 9
North Korea

Brad
    $400 25
a mammoth

Brad
    $400 1
Deng Xiaoping

Ted
    $800 5
reindeer

Ted
    $800 19
Key Largo

Ted
    $800 3
Amundsen

Brad
    $800 10
Afghanistan

Brad
    $800 26
(Sue: Who is James Joyce?)

(Jonathan) Swift

SueTed
    $800 14
Xander

Triple Stumper
    $1200 23
(Ted: What is Wisconsin?)

Michigan

SueTed
    $1,500 20
Forrest Gump

Ted
    $1200 6
iron

Ted
    $1200 11
Bill Clinton

Sue
    $1200 27
gargantuan

Sue
    $2,000 15
Malcolm X

Sue
    $1600 21
Twister

Brad
    $1600 7
aluminum, nickel, cobalt

Ted
    $1600 12
(Sue: Who is Ahmadinejad?)
...
(Alex: Yes, we were going for the country; you correctly identified the man in identity, but not the country.)

Iran

SueTed
    $1600 28
stupendous

Ted
    $1600 16
Xerxes

Brad
    $2000 24
kits

Ted
    $2000 22
The Day After Tomorrow

Brad
    $2000 8
(Ted: What is a permanent magnet?)

a bar magnet

Ted
Triple Stumper
    $2000 13
Libya

Sue
    $2000 29
[The end-of-round signal sounds.]

infinite

Sue
    $2000 17
Francis Xavier

Ted

Scores at the end of the Double Jeopardy! Round:

Brad Sue Ted
$14,400 $6,400 $15,700

[wagering suggestions for these scores]

Final Jeopardy! Round responses

EXPLORERS
(Alex: I hope no one wrote down "Ernie".)
SueWho is Baffin?
$3,200
BradWho is Baffin?
$1,301
TedWho was Baffin?
$13,200
(William) Baffin

Final scores:

Brad Sue Ted
$15,701 $9,600 $28,900
2nd place: $2,000 3rd place: $1,000 New champion: $28,900

Game dynamics:

Coryat scores:

Brad Sue Ted
$14,200 $5,600 $15,400
21 R
(including 1 DD),
3 W
9 R
(including 1 DD),
5 W
20 R
(including 1 DD),
3 W

Combined Coryat: $35,200

[game clues] [game scores] [suggest correction]

Game tape date: 2006-11-29
The J! Archive is created by fans, for fans. Scraping, republication, monetization, and malicious use prohibited; this site may use cookies and collect identifying information. See terms. The Jeopardy! game show and all elements thereof, including but not limited to copyright and trademark thereto, are the property of Jeopardy Productions, Inc. and are protected under law. This website is not affiliated with, sponsored by, or operated by Jeopardy Productions, Inc. Join the discussion at JBoard.tv.